02804cam a22003015a 45000010009000000050017000090080041000260200024000670400028000910820019001191000038001382450045001762500012002212600067002333000035003005000114003355000024004495040031004735200878005045200819013826500036022016500054022376510010022916530020023019420008023219990017023299520156023461807829620160626125938.0140324s2015 enka frb 001 0 eng d a9781138790971 (pbk) aDLCbengcDLCdEG-ScBUE00a401.9222bFAI1 aFairclough, Norman,d1941-94032610aLanguage and power /cNorman Fairclough. a3rd ed. aOxon ;aNew York :bRoutledge / Taylor & Francis Group,c2015. aviii, 264 p. :bill. ;c24 cm. a"Previously published as part of the Language in Social Life series, by Christopher N. Candlin."--Title page. aIndex : p. 263-264. aBibliography : p. 255-262. a"Language and Power is widely recognised both as a classic and an essential introductory textbook to the field of Critical Discourse Analysis. It focusses on how language functions in maintaining and changing power relations in modern society, the ways of analysing language which can reveal these processes and how people can become more conscious of them, as well as, more able to resist and change them.In this twenty-fifth anniversary edition, Norman Fairclough includes a substantial new introduction and brings the discussion up-to-date. He shows both the importance of the book in the development of critical discourse analysis over the past three decades and how language and power relations have changed due to major socio-economic changes. It remains vital reading for all students of discourse analysis, critical discourse analysis and other related courses. "-- a"Language and Power is widely recognised both as a classic and an essential introductory textbook to the field of Critical Discourse Analysis. It focusses on how language functions in maintaining and changing power relations in modern society, the ways of analysing language which can reveal these processes and how people can become more conscious of them, and more able to resist and change them. In this twenty-fifth anniversary edition, Norman Fairclough brings the discussion up-to-date and shows both the importance of the book in the development of critical discourse analysis over the past three decades and how language and power relations have changed due to major socio-economic changes. It remains vital reading for all students of discourse analysis, critical discourse analysis and related courses"-- 7aSociolinguistics.2BUEsh939810 7aDiscourse analysisxSocial aspects.2BUEsh940302 2BUEsh bEEENGcJune2016 2ddc c21957d21929 00102ddc40708BaccahaMAINbMAINc2NDd2016-06-26ePurchaseg370.00h25868l6m30o401.9 FAIp000032853r2025-07-15 00:00:00s2021-09-05v462.00yBB